000
00308cam a22001097a 4500
008
180718b1993 xxu||||| |||| 00| 0 eng d
082
_a
B71103x5411 A/1993
100
_a
Orissa. Law Department
245
_a
Orissa panchayat samiti (amendment) act, 1993
260
_a
Cuttack
_b
The author
_c
1993
300
_a
v.p.
999
_c
488571
_d
488571